You can be a great parent! (Record no. 2288)

000 -LEADER
fixed length control field 00496nam a2200169 a 4500
001 - CONTROL NUMBER
control field :::00000011$&:&@@
003 - CONTROL NUMBER IDENTIFIER
control field OkBaRHE
005 - DATE AND TIME OF LATEST TRANSACTION
control field 20110915153018.0
008 - FIXED-LENGTH DATA ELEMENTS--GENERAL INFORMATION
fixed length control field s1970 j 000 0 eng u
040 ## - CATALOGING SOURCE
Transcribing agency
100 1# - MAIN ENTRY--PERSONAL NAME
Personal name Shedd, Charlie
245 10 - TITLE STATEMENT
Title You can be a great parent!
260 ## - PUBLICATION, DISTRIBUTION, ETC. (IMPRINT)
Place of publication, distribution, etc Waco, Texas
Name of publisher, distributor, etc Word Books
Date of publication, distribution, etc 1970
300 ## - PHYSICAL DESCRIPTION
Extent 148 p.
942 ## - ADDED ENTRY ELEMENTS (KOHA)
Source of classification or shelving scheme
Koha item type Books
Copies
Lost status Copy number Date last seen Barcode Source of classification or shelving scheme Damaged status Full call number Date acquired Permanent Location Koha item type Shelving location Price effective from Not for loan Withdrawn status
 12010-04-1411  HQ 769 .S5122010-04-14RHEMA Bible Training CollegeBooksGeneral Stacks2010-04-14